000 00306nam a2200109Ia 4500
008 171211s9999 xx 000 0 und d
245 _aDu kannst mich einfach nicht verstehen
245 _cDeborah Tannen
260 _c2012
650 _xSexuality
856 _uhttp://down.ebook777.com/064/9783442161089.pdf
999 _c350644
_d350644